Awakening giants, feet of clay : (Record no. 36928)

MARC details
000 -LEADER
fixed length control field 01409nam a22003257a 4500
005 - DATE AND TIME OF LATEST TRANSACTION
control field 20130719103048.0
008 - FIXED-LENGTH DATA ELEMENTS--GENERAL INFORMATION
fixed length control field 100714t xxu||||| |||| 00| 0 eng d
010 ## - LCCN (DPL NO)
LC control number ENG-96393
020 ## - INTERNATIONAL STANDARD BOOK NUMBER
International Standard Book Number 9780198068327
Terms of availability 495.00
020 ## - INTERNATIONAL STANDARD BOOK NUMBER
International Standard Book Number 0198068328
Terms of availability 495.00
035 ## - SYSTEM CONTROL NUMBER
System control number EN-79926
037 ## - SOURCE OF ACQUISITION
Source of stock number/acquisition DBAD/PUB
040 ## - CATALOGING SOURCE
Original cataloging agency Dpl
Language of cataloging Eng
082 ## - DEWEY DECIMAL CLASSIFICATION NUMBER
Classification number 330.951
100 ## - MAIN ENTRY--PERSONAL NAME
Personal name Bardhan, Pranab
245 ## - TITLE STATEMENT
Title Awakening giants, feet of clay :
Remainder of title assessing the economic rise of China and India /
Statement of responsibility, etc by Pranab Bardhan.
260 ## - PUBLICATION, DISTRIBUTION, ETC. (IMPRINT)
Place of publication, distribution, etc New Delhi
Name of publisher, distributor, etc Oxford University Press
Date of publication, distribution, etc 2010
270 ## - ADDRESS
Address YMCA Library Building, Jai Singh Road
City New Delhi
Postal code 110001
300 ## - PHYSICAL DESCRIPTION
Extent 172p.
Dimensions 25cm.(Hb)
500 ## - GENERAL NOTE
General note Includes bibliographical references and index.
505 ## - FORMATTED CONTENTS NOTE
Formatted contents note Introduction : the myths floating around the giants -- Economic reform and growth : differing patterns and institutions -- Agriculture : still the most crowded sector -- Infrastructure : the dazzling difference -- High saving, low financial intermediatio
651 ## - SUBJECT ADDED ENTRY--GEOGRAPHIC NAME
Geographic name China
General subdivision Economic policy
Chronological subdivision 2000-
651 ## - SUBJECT ADDED ENTRY--GEOGRAPHIC NAME
Geographic name India
General subdivision Economic policy
Chronological subdivision 1991-
651 ## - SUBJECT ADDED ENTRY--GEOGRAPHIC NAME
Geographic name China
General subdivision Economic conditions
Chronological subdivision 2000-
651 ## - SUBJECT ADDED ENTRY--GEOGRAPHIC NAME
Geographic name India
General subdivision Economic conditions
Chronological subdivision 2000-
651 ## - SUBJECT ADDED ENTRY--GEOGRAPHIC NAME
Geographic name India
General subdivision Economic conditions
Chronological subdivision 1991-
651 ## - SUBJECT ADDED ENTRY--GEOGRAPHIC NAME
Geographic name China
General subdivision Social conditions
Chronological subdivision 2000-
651 ## - SUBJECT ADDED ENTRY--GEOGRAPHIC NAME
Geographic name India |
General subdivision Social conditions
Chronological subdivision 20th century.
942 ## - ADDED ENTRY ELEMENTS (KOHA)
Source of classification or shelving scheme Dewey Decimal Classification
Item type English Books
Classification part 330.951
Call number suffix BAR
Holdings
Withdrawn status Lost status Source of classification or shelving scheme Damaged status Not for loan Collection code Home library Current library Date acquired Source of acquisition Cost, normal purchase price Total Checkouts Full call number Barcode Date last seen Copy number Cost, replacement price Koha item type
    Dewey Decimal Classification   Not For Loan Non-fiction D.B.Act.Division D.B.Act.Division 14/07/2010 DBAD/PUB 495.00   330.951 BAR EN-79926 14/07/2010 1 495.00 English Books

© Delhi Public Library
Hit Counter
free hit counter